000 01697nam a2200397Ma 4500
001 101299
005 20230410104003.0
008 101128s2005 bl ab 000 0 por d
035 _a(OCoLC)ocn685271352
040 _aBLBSF
_bpor
_cBLBSF
020 _a8520006698
020 _a9788520006696
035 _a(OCoLC)685271352
041 1 _apor
_heng
080 _a326
082 1 4 _a326.809
_221
050 1 4 _aC776a 2005
100 1 _aCooper, Frederick.
245 1 0 _aAlem da escravidao :
_binvestigacoes sobre raca, trabalho e cidadania em sociedades pos-emancipacao /
_cFrederick Cooper, Thomas C. Holt e Rebecca J. Scott ; traducao de Maria Beatriz de Medina.
260 _aRio de Janeiro :
_bCivilizacao Brasileira,
_c2005.
300 _a346 p. :
_bil., mapas.
500 _aTraducao de: Beyond slavery: explorations of race, labour, and citizenship in postemancipation societies.
504 _aNotas explicativas e bibliograficas: p. 281-332.
505 0 _aA essencia do contrato: A articulacao entre raca, genero sexual e economia politica no programa britanico de emancipacao, 1838-1866 / Thomas C. Holt -- Fronteiras moveis, linhas de cor e divisoes partidarias: Raca, trabalho e acao coletiva em Lousiana e Cuba, 1862-1912 / Rebecca J. Scott -- Condicoes analogas a escravidao: Imperialismo e ideologia da mao-de-obra livre na Africa / Frederick Cooper.
650 1 4 _aEscravo.
650 4 _aEmancipacao.
650 4 _aLiberdade.
650 4 _aRaca.
650 4 _aCidadania.
650 4 _aTrabalho.
700 1 _aHolt, Thomas C.
_q(Thomas Cleveland).
700 1 _aScott, Rebeca J.
_q(Rebeca Jarvis).
942 _2lcc
_cbk
946 _aFHM
994 _aC0
_bDRFGD
999 _c29785
_d29785